000 00656nam a22001817a 4500
003 BDDh-ASL
005 20231015031218.0
008 230309s1989 b ||||| |||| 00| 0 eng d
040 _aBDDh-ASL
_cBDDh-ASL
041 _aeng
082 _a080.906
_bDHA
110 1 _aUniversity of Dhaka (ঢাকা বিশ্ববিদ্যালয়)
_96140
245 0 0 _aDhaka University : The Convocation Speeches, Vol. - 2, 1948-1970
260 _aDhaka:
_bUniversity of Dhaka,
_c1989.
300 _a301 p. :
_c23 cm.
650 0 _aConvocation Speeches (সমাবর্তন বক্র্ততা/বক্তৃতা)
_92677
942 _2ddc
_cBK
999 _c30941
_d30941